Statistiche per Le 20 città più sicure al mondo nel 2021

Clicka qui per fare il quiz!

Statistiche generali

  • Questo quiz è stato fatto 46 volte
  • Il punteggio medio è 9 su 20

Statistiche sulle risposte

Pos.RispostaPti.% Corretto
5Tokyo80.0
76%
10Stoccolma78.0
69%
15Londra77.2
57%
12New York77.8
55%
6Amsterdam79.3
52%
1Copenaghen82.4
52%
4Sydney80.1
52%
19Zurigo76.3
52%
2Toronto82.2
50%
18Los Angeles76.5
48%
9Melbourne78.6
43%
3Singapore80.7
40%
20Chicago75
38%
17Osaka76.7
36%
16San Francisco77.2
36%
11Barcellona77.8
33%
14Washington77.4
31%
7Wellington79.0
31%
8Hong Kong78.6
21%
13Francoforte77.7
12%

Distribuzione punteggi

Percentile per numero di risposta

Percentuale di utenti per punteggio

I tuoi punteggi nel tempo

Non hai fatto questo quiz